000 00732nam a2200253 a 4500
001 53475
003 BD-RjUL
005 20211209075951.0
008 161016r19671965enka b 001 0 eng d
035 _a(BD-RjUL)53596
040 _aERF
_cERF
_dUKM
_dBD-RjUL
_beng
041 _aeng
082 _222
_a519.5
_bHAS 1967
100 1 _aHarper, William Massie.
_9159858
245 1 0 _aStatistics /
_cW.M. Harper
260 _aLondon :
_bMacdonald and Evans,
_c1965 [reprinted 1967]
300 _axv, 293 p. :
_bill. ;
_c15 cm
490 _aThe M. & E. Handbook Series
500 _aWith answers
504 _aIncludes bibliography
650 0 _aMathematical statistics
_9159859
650 0 _astatistics
_9159860
942 _2ddc
_cBK
999 _c53475
_d53475